| 000 | 00570nam a2200181Ia 4500 | ||
|---|---|---|---|
| 003 | GCL | ||
| 008 | 140319s9999 xx 000 0 ara d | ||
| 040 |
_aGCL / _cGCL |
||
| 082 | 0 | 4 |
_a953.04 _bح ع |
| 100 | 1 | _aحسن احمد محمود | |
| 245 | 1 | 0 |
_aالعالم الاسلامى فى العصر العباسى / _cحسن احمد محمود |
| 700 | 1 | _aاحمد ابراهيم الشريف | |
| 300 | _a640 ص | ||
| 490 |
_aكتاب _v0 |
||
| 650 | 0 | 4 | _aالدولة العباسية الثانية |
| 650 | 0 | 4 | _aالتاريخ الاسلامى |
| 942 |
_2ddc _cBK |
||
| 999 |
_c43265 _d43265 |
||